Common market and economic development : the E.E.C. and Greece

Saved in:
Bibliographic Details
Main Author: Τριάντης, Σ. Γ. (Στέφανος Γ.)
Corporate Author: Κέντρο Προγραμματισμού και Οικονομικών Ερευνών
Format: Book
Language:English
Published: Athens : Centre of Planning and Economic Research, 1965
Series:Research monograph series ; ; 14
Tags: Add Tag
No Tags, Be the first to tag this record!

MARC

LEADER 00000nam a2200000 i 4500
001 1/70153
008 990223s1965 eng d
035 |l 10048027 
040 |a GR-MY-UA  |b gre  |e aacr 
041 0 |a eng 
082 0 |a 337.142 
100 1 |a Τριάντης, Σ. Γ.  |q (Στέφανος Γ.) 
110 2 |a Κέντρο Προγραμματισμού και Οικονομικών Ερευνών. 
245 1 0 |a Common market and economic development :  |b the E.E.C. and Greece /  |c S. G. Triantis 
260 |a Athens :   |b Centre of Planning and Economic Research,   |c 1965 
300 |a 232 p. 
490 1 |a Research monograph series  |v ; 14 
830 0 |a Research monograph series ;  |v ; 14 
852 |a INST  |b CHIOS  |e 19990223  |h 337.142 TRI  |p 005200014764  |q 005200014764  |t BK  |y 0 
852 |a INST  |b CHIOS  |e 19990223  |h 337.142 TRI  |p 005200014765  |q 005200014765  |t BK  |y 0 
901 |a BIBL-1999-1 
909 |a Χ  |b 055436 
909 |a Χ  |b 055136 
922 |a 2ΔΩΡ  |b 199902  |d ΛΕΜΟΝΙΑ